| 000 | nam a22 a 4500 | ||
|---|---|---|---|
| 999 |
_c170200 _d170200 |
||
| 003 | BLK | ||
| 005 | 20211111083825.0 | ||
| 008 | 180411b bul|||||r ||||||| ||bul|| | ||
| 010 | _aKNG00178314000 | ||
| 040 | _aBLK | ||
| 041 |
_aBUL _cBUL |
||
| 080 |
_aБългарска литература _b821.163.2 _x-93-31 _z821.163.2-93-31 |
||
| 100 | 1 |
_aЛъкатник, Михаил _eпърви автор _gАрнаудов, Михаил Георгиев _990033 |
|
| 139 |
_aЛъкатник, Михаил _bЛ 93 |
||
| 245 | 1 | 0 |
_aБелият кораб _bРоман : За нач и средна училищна възраст _cМихаил Лъкатник; худож. Георги Ковачев. |
| 257 | _aBGR | ||
| 260 |
_bНар. младеж _c1958 _aСофия |
||
| 300 |
_a178 с. _bс ил. _c25 см |
||
| 380 | _aDX | ||
| 490 | 1 | _aБиблиотека Приключения и научна фантастика | |
| 500 | _aМихаил Лъкатник - псевд. на Михаил Георгиев Арнаудов | ||
| 653 | _aдетска литература | ||
| 653 | _aлитература за деца | ||
| 700 | 1 |
_aКовачев, Георги _eхудож. _9368262 |
|
| 852 |
_aЦб 10393 _bЦб |
||
| 942 |
_cKNG _n0 _s1 |
||
| 944 |
_aCR _c23.07.2013 _kТеодора_Стоянова |
||
| 944 |
_aED _c16.07.2015 _kТеодора_Стоянова |
||
| 999 | _d170200 | ||